000 00747nam a2200253 4500
001 892
003 DO-SdBNP
005 20180305093110.0
007 892
008 160525b 2013 dr ||||| |||| 00| 0 spa d
020 _a8434863995
040 _aBPMSU
_bspa
_cBPMSU
100 1 _aVotela, Alfoenso
245 1 0 _aGrafomotricidad, 3 años /
_cAlfonso Varela, María Figueroa, Olga Varela ; ilustraciones Alberto Simón.
246 _a[Educación inicial ]
260 _aSanto Domingo :
_bSM,
_c2013.
300 _a48 p. :
_bil. ;
_c24 cm.
700 1 _aFigueroa, María
700 1 _aVarela, Olga
700 1 2 _aSimón, Alberto,
_eil.
942 _2ddc
_cBK
945 _aInventariado, 2018 /LP
956 _aVMATEO
_b10
_c20160525
_dBPMSU
_f0069
999 _c10225
_d10225